000 00389nam a22001697a 4500
005 20160625102959.0
008 160625b xxu||||| |||| 00| 0 eng d
020 _a81-229-0178-6
041 _aeng
082 _b9979
100 _aMoen, Daryle
_92729
245 _aNewspaper Layout & Design
260 _bSujeet Publication
300 _a223
650 _aManagement
_9241
942 _cBK
999 _c3931
_d3930